00771nam a2200253 a 4500001001300000003000900013005001700022008004100039020001000080082001500090100002200105245004700127260005500174300000900229500003500238505001800273650002200291650003700313700002200350902000800372942000700380952011500387999001500502nice12345678IN_TiNIC20260116011847.0050524s1973 bana grp 000 0 eng  ac10000a291.2bVEM aVempany, Ishanand aInspiration in the Non-Biblical Scriptures aBangalorebTheological Publications in Indiac1973 a254p aincludes index and biblioraphy2 abiblio, index aMuhammad, Prophet aComparative Religion-Inspiration1 aVempany, Ishanand bSRS cBK 001040708StackRoom-aHMIbHMId2007-07-18g100.00l0o291.2 VEMp07691r2007-07-18v100.00w2005-05-24yBK c4520d4520